|
|
|
|
| LEADER |
00722nam a2200205 a 4500 |
| 001 |
c000079967 |
| 003 |
CARM |
| 005 |
00000000000000.0 |
| 008 |
870625s1959 enk 00011 eng d |
| 019 |
1 |
|
|a 5371631
|5 LACONCORD2021
|
| 020 |
|
|
|a 0333026926
|
| 035 |
|
|
|a (OCoLC)9352951
|5 LACONCORD2021
|
| 040 |
|
|
|a NUMR
|c NUMR
|
| 100 |
1 |
|
|a Duncan, Jane,
|d 1910-
|
| 245 |
1 |
0 |
|a My friend Muriel /
|c Jane Duncan.
|
| 260 |
|
|
|a London :
|b Macmillan,
|c 1959, 1983 printing.
|
| 300 |
|
|
|a 288 p. ;
|c 20 cm.
|
| 852 |
8 |
|
|b CARM
|h A2:AH04G0
|i A01876
|p 0135920
|f BK
|
| 999 |
f |
f |
|i b212971a-5484-5f39-86b5-d8da4a2fd43f
|s f7a0672d-e322-577d-bcaf-6a1e9c44689c
|
| 952 |
f |
f |
|p Can circulate
|a CAVAL
|b CAVAL
|c CAVAL
|d CARM 1 Store
|e A01876
|f A2:AH04G0
|h Other scheme
|i book
|m 0135920
|